000 00289nam a2200121Ia 4500
008 190216s9999||||xx |||||||||||||| ||und||
100 _aAbhyankar K.D
245 0 _aAstrophysics Stars And Glaxies
260 _bUniversities Press
_c2009
300 _a543
650 _aPhysics
942 _cBK
999 _c34274
_d34274